| 000 -ლიდერი |
| ფიქსირებული სიგრძის საკონტროლო ველი |
01227nam a22002057a 4500 |
| 003 - საკონტროლო ნომრის იდენტიფიკატორი |
| საკონტროლო ველი |
Ge_BSU |
| 005 - ბოლო ოპერაციის თარიღი და დრო |
| საკონტროლო ველი |
20260320165604.0 |
| 008 - ფიქსირებული სიგრძის მონაცემთა ელემენტები - ზოგადი ინფორმაცია |
| ფიქსირებული სიგრძის საკონტროლო ველი |
260320s1976 ge ||||| |||| 00| 0 geo d |
| 041 ## - ენის კოდი |
| Language code of text/sound track or separate title |
geo |
| 080 ## - უნივერსალური ათობითი კლასიფიკაციის ინდექსი |
| Universal Decimal Classification number |
332.2(5-012) მ-55 |
| 100 ## - მთავარი ჩანაწერი - პიროვნების სახელი |
| Personal name |
მენთეშაშვილი, ალბერტ |
| 9 (RLIN) |
24353 |
| 245 ## - ცნობა სათაურის შესახებ |
| Title |
აგრარული ურთიერთობის საკითხები თანამედროვე ქურთისტანში / |
| Statement of responsibility, etc |
ალბერტ მენთეშაშვილი; გ. წერეთლის სახ. აღმოსავლეთმცოდნეობის ინ-ტი. |
| 264 ## - წარმოების, გამოცემის, დისტრიბუციის და სხვა ცნობები |
| გამოცემის, წარმოების, დისტრიბუციის... ადგილი |
თბ. : |
| გამოცემის, წარმოების, დისტრიბუციის... სახელწოდება |
მეცნიერება, |
| გამოცემის, წარმოების, დისტრიბუციის... თარიღი |
1976. |
| 300 ## - ფიზიკური აღწერა |
| Extent |
211 გვ. ; |
| Other physical details |
22 სმ. |
| 653 ## - INDEX TERM--UNCONTROLLED |
| Uncontrolled term |
აგრარული ურთიერთობები ქურთისტანში |
| 700 ## - ADDED ENTRY--PERSONAL NAME |
| Personal name |
ჭიპაშვილი, გ. |
| Relator term |
რედაქტორი |
| 9 (RLIN) |
27178 |
| 700 ## - ADDED ENTRY--PERSONAL NAME |
| Personal name |
ნადირაძე, გ. |
| Relator term |
მხატვარი |
| 9 (RLIN) |
27179 |
| 856 ## - ELECTRONIC LOCATION AND ACCESS |
| Uniform Resource Identifier |
https://dspace.nplg.gov.ge/bitstream/1234/493940/1/Agraruli_Urtiertobis_Sakitxebi_Tanamedrove_Qurtistanshi_1976.pdf |
| Link text |
ელ. ვერსია |
| 942 ## - ADDED ENTRY ELEMENTS (KOHA) |
| Source of classification or shelving scheme |
|
| Koha item type |
წიგნი |